<?xml version="1.0" encoding="utf-8"?>
<?xml-stylesheet type='text/xsl' href='./oai2.xsl'?>
<OAI-PMH xmlns="http://www.openarchives.org/OAI/2.0/" xmlns:xsi="http://www.w3.org/2001/XMLSchema-instance" xsi:schemaLocation="http://www.openarchives.org/OAI/2.0/ http://www.openarchives.org/OAI/2.0/OAI-PMH.xsd">
  <responseDate>2026-06-06T09:32:48Z</responseDate>
  <request verb="GetRecord" metadataPrefix="marcxml" identifier="record_kuniweb_163965">https://kulturerbe.niedersachsen.de/oai</request>
  <GetRecord>
    <record>
      <header>
        <identifier>record_kuniweb_163965</identifier>
        <datestamp>2025-08-28T09:38:22Z</datestamp>
        <setSpec>slg0111</setSpec>
      </header>
      <metadata>
        <marc:record xmlns:marc="http://www.loc.gov/MARC21/slim" xsi:schemaLocation="http://www.loc.gov/MARC21/slim http://www.loc.gov/standards/marcxml/schema/MARC21slim.xsd">
          <marc:leader>12345nkm  22     uu 4500</marc:leader>
          <marc:controlfield tag="001">163965</marc:controlfield>
          <marc:controlfield tag="003">http://kuniweb.gbv.de</marc:controlfield>
          <marc:controlfield tag="005">2017-04-17T14:58:19</marc:controlfield>
          <marc:controlfield tag="008">|           ||||||||||||||||||||||</marc:controlfield>
          <marc:datafield tag="245" ind1="1" ind2="0">
            <marc:subfield code="a">Aufstellung eines Steinbrechers und eines Unterläufers im Betrieb Sieber der Bergbau GmbH St. Andreasberg aus Hamburg, 1911</marc:subfield>
          </marc:datafield>
          <marc:datafield tag="655" ind1=" " ind2="7">
            <marc:subfield code="a">Grafik</marc:subfield>
          </marc:datafield>
          <marc:datafield tag="046" ind1=" " ind2=" ">
            <marc:subfield code="k">1911-12-12</marc:subfield>
            <marc:subfield code="k">12.12.1911</marc:subfield>
          </marc:datafield>
          <marc:datafield tag="260" ind1=" " ind2=" ">
            <marc:subfield code="g">1911-12-12</marc:subfield>
            <marc:subfield code="g">12.12.1911</marc:subfield>
          </marc:datafield>
          <marc:datafield tag="520" ind1=" " ind2=" ">
            <marc:subfield code="a">Zeichnung -  schwarz-weiß
Herstellungsort  - Königshütte, Bad Lauterberg

Auftraggeber und Standort: 
Bergbau GmbH St. Andreasberg aus Hamburg für den Standort Sieber

Anmerkung:
In und bei Sieber gibt es mehrere Hinweise auf ehemalige bergbauliche Aktivitäten. So befindet sich etwas östlich von Sieber in der Nähe der Mündung der Kulmke in die Sieber der ehemalige Verhüttungsplatz der „Klockerhütte“, auf dem etwa um 1600 verschiedene Erze gewonnen wurden. Auf dem Boden, der mit Zink-, Kupfer- und Bleiverbindungen belastet ist, hat sich eine Schwermetallflora angesiedelt. Etwas westlich hiervon befindet sich am Lilienberg mit dem „Henriettegang“ ein historischer Kupferbergbau, in welchem ab 1550 Kupfer abgebaut wurde, sowie ein Stollen zur Erkundung. Dieser Stollen dient heute Fledermäusen als Winterquartier. Ein weiterer Hinweis auf ehemalige bergbauliche Aktivitäten findet sich in Sieber am Fuß des Breitentalskopfes. Hier befand sich mit „Mittlere Sieberhütte“, eine Eisenhütte.
aus:
Siebertal – Wikipedia - https://de.wikipedia.org/wiki/Siebertal





 (Förderkreis Königshütte Bad Lauterberg e.V.)

Maßstab: 1 zu 25</marc:subfield>
          </marc:datafield>
          <marc:datafield tag="650" ind1="1" ind2=" ">
            <marc:subfield code="a">Brecher &lt;Aufbereitung&gt;</marc:subfield>
          </marc:datafield>
          <marc:datafield tag="650" ind1="1" ind2=" ">
            <marc:subfield code="a">Grafik, Fotografie &gt; Zeichnung</marc:subfield>
          </marc:datafield>
          <marc:datafield tag="650" ind1="1" ind2=" ">
            <marc:subfield code="a">Industrie</marc:subfield>
          </marc:datafield>
          <marc:datafield tag="650" ind1="1" ind2=" ">
            <marc:subfield code="a">Sieber (Herzberg am Harz, Osterode am Harz, Niedersachsen)</marc:subfield>
          </marc:datafield>
          <marc:datafield tag="773" ind1="0" ind2=" ">
            <marc:subfield code="t">Mühlen-, Gips- und sonstige Anlagen</marc:subfield>
          </marc:datafield>
          <marc:datafield tag="852" ind1=" " ind2=" ">
            <marc:subfield code="a">Industriedenkmal Königshütte Bad Lauterberg im Harz</marc:subfield>
          </marc:datafield>
          <marc:datafield tag="" ind1=" " ind2=" ">
            <marc:subfield code="a">Namensnennung - Nicht kommerziell - Keine Bearbeitungen 4.0 International (CC BY-NC-ND 4.0)</marc:subfield>
          </marc:datafield>
        </marc:record>
      </metadata>
    </record>
  </GetRecord>
</OAI-PMH>
